000 00673nam a2200205 i 4500
001 149795
003 ES-MaACL
005 20230906203248.0
007 t|
008 071024s1969 sp ||||1| spa d
100 1 _aHussein I
_cRey de Jordania.
_964817
245 1 0 _aMi guerra con Israel /
_cHussein de Jordania ; por V. Vance y P. Lauer ; [traductor, Francisco Cerecedo].
260 _aMadrid :
_bIbérico Europea,
_c[1969]
300 _a168 p., 5 lám. ;
_c22 cm.
650 1 4 _aGuerra árabe-israelí, 1967.
_913180
700 1 _aVance, V.
_9113041
700 1 _aLauer, P.
_970590
700 1 _aCerecedo, Francisco.
_937483
852 _aES-MaACL
_jC-36064
_bR.69022
999 _c149795
_d149795